Normal view
MARC view
- التعليم العالي-مؤسسات التعليم العالي
Entry Topical Term
001 - CONTROL NUMBER
- control field: 29945
003 - CONTROL NUMBER IDENTIFIER
- control field: JO-AjAnu
005 - DATE AND TIME OF LATEST TRANSACTION
- control field: 20230606075046.0
008 - FIXED-LENGTH DATA ELEMENTS
- fixed length control field: 230606|| aca||aabn | a|a d
040 ## - CATALOGING SOURCE
- Original cataloging agency: JO-AjAnu
- Transcribing agency: JO-AjAnu
150 ## - HEADING--TOPICAL TERM
- Topical term or geographic name entry element: التعليم العالي-مؤسسات التعليم العالي
670 ## - SOURCE DATA FOUND
- Source citation: Work cat.: (JO-AjAnu)15377: الترتوري، محمد عوض / م مشارك اغادير عرفات جويحان , author 29944, ادارة الجودة الشاملة في مؤسسات التعليم العالي والمكتبات ومراكز المعلومات